Leopard --III Frontiers (Record no. 1250511)

MARC details
000 -LEADER
fixed length control field 00498nam a2200193Ia 4500
008 - FIXED-LENGTH DATA ELEMENTS--GENERAL INFORMATION
fixed length control field 151121s9999||||xx |||||||||||||| ||und||
082 ## - DEWEY DECIMAL CLASSIFICATION NUMBER
Classification number 823-/Mac
082 ## - DEWEY DECIMAL CLASSIFICATION NUMBER
Item number HNW-69022
100 ## - MAIN ENTRY--PERSONAL NAME
Personal name Maclehose Christophers
245 ## - TITLE STATEMENT
Title Leopard --III Frontiers
260 ## - PUBLICATION, DISTRIBUTION, ETC. (IMPRINT)
Name of publisher, distributor, etc Harvill Pub। London
260 ## - PUBLICATION, DISTRIBUTION, ETC. (IMPRINT)
Date of publication, distribution, etc --
300 ## - PHYSICAL DESCRIPTION
Extent 339
600 ## - SUBJECT ADDED ENTRY--PERSONAL NAME
Personal name Maclehose Christophers
630 ## - SUBJECT ADDED ENTRY--UNIFORM TITLE
Uniform title Leopard --III Frontiers
700 ## - ADDED ENTRY--PERSONAL NAME
Personal name Maclehose Christophers
730 ## - ADDED ENTRY--UNIFORM TITLE
Uniform title Leopard --III Frontiers
942 ## - ADDED ENTRY ELEMENTS (KOHA)
Koha item type Book
Holdings
Withdrawn status Lost status Damaged status Not for loan Home library Current library Date acquired Cost, normal purchase price Total Checkouts Full call number Barcode Date last seen Cost, replacement price Price effective from Koha item type
        Hirachand Nemchand Wachanalaya, Solapur Hirachand Nemchand Wachanalaya, Solapur 11/21/2015 277.00   HNW-69022 HNW-69022 11/21/2015 277.00 11/21/2015 Book